| 000 | 00360nam a2200133Ia 4500 | ||
|---|---|---|---|
| 008 | 220204s9999 xx 000 0 und d | ||
| 082 |
_a631.8 _bMAR |
||
| 100 | _aMARGOLIS, F G | ||
| 245 | 0 | _aProduction of complex fertilizers | |
| 260 |
_aJersusalem _bIsrael prog for sci Translation _c1970 |
||
| 650 | _aFertilizers | ||
| 700 | _aUNANYANTS, T P | ||
| 942 | _cBK | ||
| 999 |
_c23342 _d23342 |
||